1178 1617 1368 1870 1222 1358 1425 1136 1153 1203 1613 1323 1158 1502 1663 1727 1815 1588 1745 1926 1345 1938 1069 1736 1301 1360 1772 1878 1136 1695 1635 1640 1766 1633 1685 1478 1841 1801 1491 1133 1475 1706 1177 1176 1964 1112 1292 1049 1980 1568 1240 1695 1462 1992 1030 1745 1619 1752 1034 1109 1799 1598 1974 1149 1329 1618 1764 1650 1808 1179 1767 1344 1375 1181 1024 1408 1513 1915 1654 1440 1782 1551 1370 1771 1843 1015 1875 1995 1455 1660 1467 1302 1074 1466 1281 1711 1964 1608 1463 BCNSPRNW ULIB Ver.6.0+V

เปลี่ยนเป็นภาษาไทย

Change to English
 แสดงรายละเอียดบรรณานุกรม
  กลับหน้าหลัก

Brief Record : Get Marc (ISO 2709) : E-mail record : QR code < ปิดหน้าต่าง
LEADER : 00000nam 2200000uu 4500
001    13399126680
003     ULIB
008    190206s2561||||th 000 0 tha d
020    ^a9786164557413
060    ^aWS420^bอ15ก
100    ^aอนุชา ธาตรีมนตรีชัย และ ประยงค์ เวชวนิชสนอง, บรรณาธิการ
245    ^aการติดเชื้อในทารกแรกเกิด = Neonatal infection/^bอนุชา ธาตรีมนตรีชัย และ ประยงค์ เวชวนิชสนอง, บรรณาธิการ
250    ^aพิมพ์ครั้งที่ 1
260    ^aกรุงเทพฯ :^bสหมิตรพัฒนาการพิมพ์,^c2561
300    ^a284 หน้า
650    ^aการติดเชื้อ
650  0 ^aทารกแรกเกิด--โรค
945    ^p480^l0^i005225
999    ^aประนอม เกษจรัล
รายการนี้ยังไม่มีแท็ก
คุณยังไม่ได้ล็อกอิน คุณสามารถมีกิจกรรมร่วมกับเว็บไซต์ได้ แต่ต้องล็อกอินก่อน ::
  ล็อกอิน

รายการสื่อสารสนเทศ

ลำดับที่ ประเภท เลขเรียก/บาร์โค้ด สถานที่ สถานะ
1. วิทยาศาสตร์การแพทย์ และสุขภาพ
หนังสือสำรอง
สถานะ=หนังสือสำรอง
WS420 อ15ก ฉ.1 
  Barcode: 005225
ห้องสมุดวิทยาเขตสวรรค์ประชารักษ์
►หนังสือทั่วไป
บนชั้น

รายการใกล้เคียง
    หัวเรื่อง [การติดเชื้อ]
    หัวเรื่อง [ทารกแรกเกิด--โรค]

BibComment


ยังไม่เคยถูกคอมเมนท์

คอมเมนท์ทรัพยากรรายการนี้
  คอมเมนท์: การติดเชื้อในทาร..


 Copyright 2026. Bcnsprnw @Library